[Event "2024 US National High School (K-12) Championship"]
[Site "Baltimore, Maryland, United States"]
[Date "2024.04.05"]
[Round "2.13"]
[White "Vanapalli, Vishnu"]
[Black "Shafer, Logan C"]
[Result "1-0"]
[TimeControl "G/90; d10"]
[WhiteTitle "FM"]
[WhiteFideId "30920523"]
[BlackFideId "30993342"]
[WhiteElo "2392"]
[BlackElo "2113"]

1. c4 {[%clk 01:29:31]} {[%emt 00:00:37]} Nf6 {[%clk 01:30:00]} {[%emt
00:00:11]} 2. Nf3 {[%clk 01:29:31]} {[%emt 00:00:07]} e6 {[%clk 01:29:52]}
{[%emt 00:00:19]} 3. g3 {[%clk 01:29:31]} {[%emt 00:00:09]} d5 {[%clk
01:29:52]} {[%emt 00:00:07]} 4. Bg2 {[%clk 01:29:31]} {[%emt 00:00:08]} Be7
{[%clk 01:29:50]} {[%emt 00:00:12]} 5. O-O {[%clk 01:29:31]} {[%emt 00:00:09]}
O-O {[%clk 01:29:50]} {[%emt 00:00:05]} 6. b3 {[%clk 01:29:31]} {[%emt
00:00:04]} c5 {[%clk 01:27:58]} {[%emt 00:02:02]} 7. Bb2 {[%clk 01:29:31]}
{[%emt 00:00:07]} Nc6 {[%clk 01:27:53]} {[%emt 00:00:15]} 8. e3 {[%clk
01:29:31]} {[%emt 00:00:06]} b6 {[%clk 01:27:15]} {[%emt 00:00:49]} 9. Nc3
{[%clk 01:29:31]} {[%emt 00:00:07]} Bb7 {[%clk 01:26:07]} {[%emt 00:01:18]} 10.
cxd5 {[%clk 01:29:31]} {[%emt 00:00:08]} Nxd5 {[%clk 01:24:53]} {[%emt
00:01:24]} 11. Nxd5 {[%clk 01:29:31]} {[%emt 00:00:07]} exd5 {[%clk 01:24:53]}
{[%emt 00:00:11]} 12. d4 {[%clk 01:29:18]} {[%emt 00:00:22]} Bf6 {[%clk
01:23:38]} {[%emt 00:01:26]} 13. Qd2 {[%clk 01:28:21]} {[%emt 00:01:06]} Ba6
{[%clk 01:14:31]} {[%emt 00:09:17]} 14. Rfd1 {[%clk 01:27:23]} {[%emt
00:01:08]} c4 {[%clk 01:09:38]} {[%emt 00:05:04]} 15. Ne5 {[%clk 01:16:17]}
{[%emt 00:11:15]} Rc8 {[%clk 00:58:08]} {[%emt 00:11:40]} 16. bxc4 {[%clk
00:57:38]} {[%emt 00:18:48]} Bxc4 {[%clk 00:58:08]} {[%emt 00:00:07]} 17. Nxc4
{[%clk 00:57:21]} {[%emt 00:00:27]} dxc4 {[%clk 00:58:08]} {[%emt 00:00:02]} 18.
Bc3 {[%clk 00:56:57]} {[%emt 00:00:34]} b5 {[%clk 00:52:45]} {[%emt 00:05:34]}
19. a4 {[%clk 00:49:54]} {[%emt 00:07:12]} b4 {[%clk 00:49:28]} {[%emt
00:03:27]} 20. Bxb4 {[%clk 00:49:16]} {[%emt 00:00:47]} Nxb4 {[%clk 00:49:28]}
{[%emt 00:00:06]} 21. Qxb4 {[%clk 00:49:16]} {[%emt 00:00:07]} Qc7 {[%clk
00:48:42]} {[%emt 00:00:56]} 22. Qc3 {[%clk 00:48:11]} {[%emt 00:01:15]} Be7
{[%clk 00:43:42]} {[%emt 00:05:10]} 23. a5 {[%clk 00:37:14]} {[%emt 00:11:06]}
Rb8 {[%clk 00:38:14]} {[%emt 00:05:39]} 24. Ra4 {[%clk 00:36:53]} {[%emt
00:00:31]} Rfc8 {[%clk 00:37:28]} {[%emt 00:00:56]} 25. Bf1 {[%clk 00:32:31]}
{[%emt 00:04:32]} Rb3 {[%clk 00:30:59]} {[%emt 00:06:39]} 26. Qxc4 {[%clk
00:31:01]} {[%emt 00:01:39]} Qb7 {[%clk 00:30:49]} {[%emt 00:00:20]} 27. Qa6
{[%clk 00:30:38]} {[%emt 00:00:33]} Qd7 {[%clk 00:27:46]} {[%emt 00:03:15]} 28.
Rc4 {[%clk 00:30:36]} {[%emt 00:00:10]} Rxc4 {[%clk 00:27:27]} {[%emt
00:00:30]} 29. Qxc4 {[%clk 00:30:27]} {[%emt 00:00:19]} Rb2 {[%clk 00:22:40]}
{[%emt 00:04:57]} 30. Rc1 {[%clk 00:30:10]} {[%emt 00:00:27]} Bf8 {[%clk
00:22:11]} {[%emt 00:00:40]} 31. Qc3 {[%clk 00:27:14]} {[%emt 00:03:04]} Ra2
{[%clk 00:20:25]} {[%emt 00:01:57]} 32. Bc4 {[%clk 00:24:29]} {[%emt 00:02:54]}
Ra3 {[%clk 00:20:09]} {[%emt 00:00:28]} 33. Qd2 {[%clk 00:24:28]} {[%emt
00:00:10]} Qa4 {[%clk 00:17:53]} {[%emt 00:02:26]} 34. a6 {[%clk 00:23:44]}
{[%emt 00:00:55]} Ra1 {[%clk 00:16:22]} {[%emt 00:01:40]} 35. Rxa1 {[%clk
00:23:20]} {[%emt 00:00:33]} Qxa1+ {[%clk 00:16:22]} {[%emt 00:00:04]} 36. Kg2
{[%clk 00:23:20]} {[%emt 00:00:08]} Qa4 {[%clk 00:15:52]} {[%emt 00:00:41]} 37.
Qe2 {[%clk 00:23:04]} {[%emt 00:00:25]} g6 {[%clk 00:14:54]} {[%emt 00:01:08]}
38. Bd5 {[%clk 00:23:03]} {[%emt 00:00:12]} Kg7 {[%clk 00:14:08]} {[%emt
00:00:55]} 39. Qf3 {[%clk 00:23:03]} {[%emt 00:00:08]} Qd7 {[%clk 00:13:52]}
{[%emt 00:00:26]} 40. Qe4 {[%clk 00:21:55]} {[%emt 00:01:18]} Qd6 {[%clk
00:13:33]} {[%emt 00:00:28]} 41. Bc4 {[%clk 00:21:52]} {[%emt 00:00:14]} f5
{[%clk 00:12:32]} {[%emt 00:01:11]} 42. Qb7+ {[%clk 00:21:34]} {[%emt
00:00:27]} Qe7 {[%clk 00:12:32]} {[%emt 00:00:02]} 43. Qd5 {[%clk 00:21:34]}
{[%emt 00:00:08]} Qd6 {[%clk 00:10:47]} {[%emt 00:01:56]} 44. Qf7+ {[%clk
00:20:44]} {[%emt 00:00:59]} Kh6 {[%clk 00:10:47]} {[%emt 00:00:02]} 45. Qxa7
{[%clk 00:19:30]} {[%emt 00:01:24]} Qc6+ {[%clk 00:10:47]} {[%emt 00:00:05]} 46.
Kg1 {[%clk 00:19:26]} {[%emt 00:00:13]} Qxc4 {[%clk 00:10:47]} {[%emt
00:00:07]} 47. Qb7 {[%clk 00:19:26]} {[%emt 00:00:04]} f4 {[%clk 00:09:56]}
{[%emt 00:01:01]} 48. gxf4 {[%clk 00:07:25]} {[%emt 00:12:11]} Qe2 {[%clk
00:07:44]} {[%emt 00:02:22]} 49. h3 {[%clk 00:07:24]} {[%emt 00:00:10]} Be7
{[%clk 00:06:11]} {[%emt 00:01:45]} 50. Qxe7 {[%clk 00:05:36]} {[%emt
00:01:57]} Qxa6 {[%clk 00:06:11]} {[%emt 00:00:04]} 51. Qe4 {[%clk 00:05:04]}
{[%emt 00:00:41]} Qe2 {[%clk 00:05:16]} {[%emt 00:01:04]} 52. Kg2 {[%clk
00:05:03]} {[%emt 00:00:12]} Qd2 {[%clk 00:05:10]} {[%emt 00:00:16]} 53. Qe7
{[%clk 00:05:03]} {[%emt 00:00:07]} Qa2 {[%clk 00:04:54]} {[%emt 00:00:26]} 54.
Qf8+ {[%clk 00:05:03]} {[%emt 00:00:07]} Kh5 {[%clk 00:04:54]} {[%emt
00:00:02]} 55. Qg7 {[%clk 00:04:53]} {[%emt 00:00:20]} h6 {[%clk 00:04:43]}
{[%emt 00:00:20]} 56. Qe5+ {[%clk 00:04:21]} {[%emt 00:00:43]} g5 {[%clk
00:04:43]} {[%emt 00:00:02]} 57. fxg5 {[%clk 00:04:16]} {[%emt 00:00:15]} hxg5
{[%clk 00:04:43]} {[%emt 00:00:01]} 58. h4 {[%clk 00:04:09]} {[%emt 00:00:17]}
Kh6 {[%emt 00:00:49]} 59. hxg5+ {[%clk 00:03:57]} {[%emt 00:00:08]} Kh7 {[%clk
00:03:37]} {[%emt 00:00:52]} 60. d5 {[%clk 00:03:52]} {[%emt 00:00:14]} Qe2
{[%clk 00:03:36]} {[%emt 00:00:11]} 61. Qe4+ {[%clk 00:03:52]} {[%emt
00:00:03]} Kg7 {[%clk 00:03:36]} {[%emt 00:00:05]} 62. d6 {[%clk 00:03:52]}
{[%emt 00:00:02]} Qd1 {[%clk 00:03:19]} {[%emt 00:00:28]} 63. Qd4+ {[%clk
00:03:52]} {[%emt 00:00:03]} 1-0

[Event "2024 US National High School (K-12) Championship"]
[Site "Baltimore, Maryland, United States"]
[Date "2024.04.05"]
[Round "2.14"]
[White "Luo, Wesley"]
[Black "Mei, Austin R"]
[Result "0-1"]
[TimeControl "G/90; d10"]
[BlackTitle "FM"]
[WhiteFideId "30981158"]
[BlackFideId "30948479"]
[WhiteElo "2102"]
[BlackElo "2331"]

1. e4 {[%clk 01:30:00]} {[%emt 00:00:01]} e5 {[%clk 01:30:00]} {[%emt
00:00:03]} 2. Nf3 {[%clk 01:30:00]} {[%emt 00:00:03]} Nc6 {[%clk 01:30:00]}
{[%emt 00:00:03]} 3. d4 {[%clk 01:30:00]} {[%emt 00:00:04]} exd4 {[%clk
01:30:00]} {[%emt 00:00:03]} 4. Nxd4 {[%clk 01:30:00]} {[%emt 00:00:03]} Qh4
{[%clk 01:30:00]} {[%emt 00:00:05]} 5. Be2 {[%clk 01:27:50]} {[%emt 00:02:20]}
Bc5 {[%clk 01:20:12]} {[%emt 00:09:59]} 6. c3 {[%clk 01:18:40]} {[%emt
00:09:20]} Qxe4 {[%clk 01:14:01]} {[%emt 00:06:21]} 7. O-O {[%clk 01:18:34]}
{[%emt 00:00:15]} Bxd4 {[%clk 01:02:07]} {[%emt 00:12:04]} 8. Bd3 {[%clk
01:12:32]} {[%emt 00:06:12]} Qh4 {[%clk 00:58:41]} {[%emt 00:03:36]} 9. cxd4
{[%clk 01:09:40]} {[%emt 00:03:02]} Nge7 {[%clk 00:56:19]} {[%emt 00:02:32]} 10.
g3 {[%clk 01:01:31]} {[%emt 00:08:20]} Qxd4 {[%clk 00:53:37]} {[%emt 00:02:51]}
11. Nc3 {[%clk 00:59:40]} {[%emt 00:02:00]} O-O {[%clk 00:42:30]} {[%emt
00:11:18]} 12. Nb5 {[%clk 00:57:02]} {[%emt 00:02:48]} Qf6 {[%clk 00:42:15]}
{[%emt 00:00:25]} 13. Nxc7 {[%clk 00:56:11]} {[%emt 00:01:01]} Rb8 {[%clk
00:42:15]} 14. Bf4 {[%clk 00:53:19]} {[%emt 00:03:02]} d6 {[%clk 00:38:45]}
{[%emt 00:03:41]} 15. Nb5 {[%clk 00:49:45]} {[%emt 00:03:44]} Bf5 {[%clk
00:36:32]} {[%emt 00:02:22]} 16. Bxf5 {[%clk 00:43:58]} {[%emt 00:05:58]} Nxf5
{[%clk 00:36:08]} {[%emt 00:00:34]} 17. Nxd6 {[%clk 00:43:47]} {[%emt
00:00:22]} Rbd8 {[%clk 00:33:33]} {[%emt 00:02:44]} 18. Ne4 {[%clk 00:43:21]}
{[%emt 00:00:36]} Qxb2 {[%clk 00:31:24]} {[%emt 00:02:19]} 19. Qg4 {[%clk
00:40:40]} {[%emt 00:02:50]} Nfd4 {[%clk 00:26:39]} {[%emt 00:04:55]} 20. Rab1
{[%clk 00:22:26]} {[%emt 00:18:16]} Qe2 {[%clk 00:21:35]} {[%emt 00:05:22]} 21.
Qxe2 {[%clk 00:20:45]} {[%emt 00:01:52]} Nxe2+ {[%clk 00:21:35]} {[%emt
00:00:02]} 22. Kh1 {[%clk 00:20:09]} {[%emt 00:00:46]} Nxf4 {[%clk 00:21:32]}
{[%emt 00:00:13]} 23. gxf4 {[%clk 00:20:09]} {[%emt 00:00:04]} Rfe8 {[%clk
00:19:46]} {[%emt 00:01:56]} 24. f3 {[%clk 00:18:36]} {[%emt 00:01:43]} b6
{[%clk 00:19:43]} {[%emt 00:00:13]} 25. Rbc1 {[%clk 00:16:55]} {[%emt
00:01:51]} Nd4 {[%clk 00:19:38]} {[%emt 00:00:15]} 26. Rc7 {[%clk 00:15:50]}
{[%emt 00:01:14]} Nxf3 {[%clk 00:18:38]} {[%emt 00:01:10]} 27. Rxf3 {[%emt
00:02:52]} Rxe4 {[%clk 00:18:38]} {[%emt 00:00:01]} 28. Rxa7 {[%clk 00:13:10]}
{[%emt 00:00:06]} Re2 {[%clk 00:18:14]} {[%emt 00:00:34]} 29. Kg1 {[%clk
00:12:10]} {[%emt 00:01:11]} h6 {[%clk 00:17:55]} {[%emt 00:00:28]} 30. Rf2
{[%clk 00:12:01]} {[%emt 00:00:19]} Rdd2 {[%clk 00:16:18]} {[%emt 00:01:47]} 31.
Rxe2 {[%clk 00:10:53]} {[%emt 00:01:19]} Rxe2 {[%clk 00:16:18]} {[%emt
00:00:02]} 32. Ra4 {[%clk 00:08:34]} {[%emt 00:02:29]} g6 {[%clk 00:15:52]}
{[%emt 00:00:35]} 33. Rb4 {[%clk 00:06:36]} {[%emt 00:02:08]} Rxa2 {[%clk
00:15:11]} {[%emt 00:00:51]} 34. Rxb6 {[%clk 00:06:36]} {[%emt 00:00:04]} Kg7
{[%clk 00:15:11]} {[%emt 00:00:06]} 35. f5 {[%clk 00:04:02]} {[%emt 00:02:44]}
g5 {[%clk 00:14:49]} {[%emt 00:00:31]} 36. Rb5 {[%clk 00:01:26]} {[%emt
00:02:47]} Ra4 {[%clk 00:14:09]} {[%emt 00:00:50]} 37. Kg2 {[%clk 00:01:14]}
{[%emt 00:00:22]} Rf4 {[%clk 00:14:09]} {[%emt 00:00:08]} 38. Kg3 {[%clk
00:00:44]} {[%emt 00:00:40]} h5 {[%clk 00:14:09]} {[%emt 00:00:08]} 39. Ra5
{[%clk 00:00:44]} {[%emt 00:00:06]} Kf6 {[%clk 00:14:09]} {[%emt 00:00:08]} 40.
h3 {[%clk 00:00:22]} {[%emt 00:00:33]} Rxf5 {[%clk 00:14:09]} {[%emt 00:00:05]}
41. Ra6+ {[%clk 00:00:22]} {[%emt 00:00:02]} Kg7 {[%clk 00:14:06]} {[%emt
00:00:11]} 42. Rc6 {[%clk 00:00:22]} {[%emt 00:00:03]} f6 {[%clk 00:14:01]}
{[%emt 00:00:15]} 43. Rc8 {[%clk 00:00:22]} {[%emt 00:00:05]} Ra5 {[%clk
00:13:53]} {[%emt 00:00:18]} 44. Rc7+ {[%clk 00:00:18]} {[%emt 00:00:14]} Kg6
{[%clk 00:13:53]} {[%emt 00:00:01]} 45. Rc8 {[%clk 00:00:18]} {[%emt 00:00:01]}
Ra3+ {[%clk 00:13:38]} {[%emt 00:00:25]} 46. Kg2 {[%clk 00:00:18]} {[%emt
00:00:01]} g4 {[%clk 00:13:27]} {[%emt 00:00:20]} 47. hxg4 {[%clk 00:00:09]}
{[%emt 00:00:20]} hxg4 {[%clk 00:13:27]} {[%emt 00:00:02]} 48. Rb8 {[%clk
00:00:09]} {[%emt 00:00:04]} Kg5 {[%clk 00:13:20]} {[%emt 00:00:16]} 49. Rg8+
{[%clk 00:00:08]} {[%emt 00:00:12]} Kf4 {[%clk 00:13:20]} {[%emt 00:00:05]} 50.
Rb8 {[%clk 00:00:08]} {[%emt 00:00:03]} Ra2+ {[%clk 00:13:20]} {[%emt
00:00:06]} 51. Kg1 {[%clk 00:00:08]} {[%emt 00:00:01]} f5 {[%clk 00:13:20]}
{[%emt 00:00:07]} 52. Rb4+ {[%clk 00:00:08]} {[%emt 00:00:11]} Kg5 {[%clk
00:13:20]} {[%emt 00:00:07]} 53. Rb5 {[%clk 00:00:08]} {[%emt 00:00:01]} g3
{[%clk 00:13:20]} {[%emt 00:00:05]} 54. Rc5 {[%clk 00:00:08]} {[%emt 00:00:09]}
Kg4 {[%clk 00:13:20]} {[%emt 00:00:03]} 55. Rc4+ {[%clk 00:00:08]} {[%emt
00:00:06]} f4 {[%clk 00:13:20]} {[%emt 00:00:03]} 56. Rb4 {[%emt 00:00:03]} Kh3
{[%clk 00:12:45]} {[%emt 00:00:43]} 57. Rb1 {[%clk 00:00:08]} {[%emt 00:00:04]}
f3 {[%clk 00:12:45]} {[%emt 00:00:10]} 0-1

[Event "2024 US National High School (K-12) Championship"]
[Site "Baltimore, Maryland, United States"]
[Date "2024.04.05"]
[Round "2.15"]
[White "Gao, Marvin"]
[Black "Das, Aditeya"]
[Result "1-0"]
[TimeControl "G/90; d10"]
[WhiteTitle "CM"]
[WhiteFideId "30920175"]
[BlackFideId "30975972"]
[WhiteElo "2325"]
[BlackElo "2101"]

1. e4 {[%clk 01:30:00]} {[%emt 00:00:03]} c5 {[%clk 01:30:00]} {[%emt
00:00:10]} 2. Nf3 {[%clk 01:29:51]} {[%emt 00:00:19]} d6 {[%clk 01:30:00]}
{[%emt 00:00:11]} 3. d4 {[%clk 01:29:51]} {[%emt 00:00:05]} cxd4 {[%clk
01:30:00]} {[%emt 00:00:07]} 4. Nxd4 {[%clk 01:29:51]} {[%emt 00:00:06]} Nf6
{[%clk 01:30:00]} {[%emt 00:00:06]} 5. Nc3 {[%clk 01:29:51]} {[%emt 00:00:05]}
a6 {[%clk 01:30:00]} {[%emt 00:00:06]} 6. Be3 {[%clk 01:29:48]} {[%emt
00:00:12]} e5 {[%clk 01:30:00]} {[%emt 00:00:05]} 7. Nb3 {[%clk 01:29:45]}
{[%emt 00:00:12]} Be6 {[%clk 01:30:00]} {[%emt 00:00:07]} 8. f3 {[%clk
01:28:06]} {[%emt 00:01:49]} Be7 {[%clk 01:29:37]} {[%emt 00:00:34]} 9. Qd2
{[%clk 01:27:46]} {[%emt 00:00:30]} h5 {[%clk 01:29:32]} {[%emt 00:00:15]} 10.
Nd5 {[%clk 01:26:21]} {[%emt 00:01:36]} Nxd5 {[%clk 01:29:27]} {[%emt
00:00:15]} 11. exd5 {[%clk 01:26:21]} {[%emt 00:00:06]} Bf5 {[%clk 01:29:27]}
{[%emt 00:00:08]} 12. Bd3 {[%clk 01:26:21]} {[%emt 00:00:05]} Bxd3 {[%clk
01:29:26]} {[%emt 00:00:12]} 13. Qxd3 {[%clk 01:26:21]} {[%emt 00:00:07]} Nd7
{[%clk 01:29:17]} {[%emt 00:00:19]} 14. O-O {[%clk 01:26:07]} {[%emt 00:00:23]}
O-O {[%clk 01:26:51]} {[%emt 00:02:38]} 15. c4 {[%clk 01:25:16]} {[%emt
00:01:00]} f5 {[%emt 00:02:31]} 16. Rac1 {[%clk 01:24:17]} {[%emt 00:00:29]}
Nc5 {[%clk 01:24:38]} {[%emt 00:00:41]} 17. Nxc5 {[%clk 01:21:05]} {[%emt
00:03:23]} dxc5 {[%clk 01:24:37]} {[%emt 00:00:11]} 18. b4 {[%clk 01:19:58]}
{[%emt 00:01:16]} b6 {[%clk 01:15:47]} {[%emt 00:09:01]} 19. bxc5 {[%clk
01:17:46]} {[%emt 00:02:21]} bxc5 {[%clk 01:15:47]} {[%emt 00:00:09]} 20. Rb1
{[%clk 01:16:01]} {[%emt 00:01:55]} Qc7 {[%clk 01:12:50]} {[%emt 00:03:08]} 21.
Rb3 {[%clk 01:14:24]} {[%emt 00:01:46]} g6 {[%clk 01:12:09]} {[%emt 00:00:51]}
22. Rfb1 {[%clk 01:01:01]} {[%emt 00:13:33]} Rab8 {[%clk 01:11:22]} {[%emt
00:00:58]} 23. Qc2 {[%clk 00:54:49]} {[%emt 00:06:21]} Bd6 {[%clk 01:07:31]}
{[%emt 00:04:01]} 24. h3 {[%clk 00:38:29]} {[%emt 00:16:30]} Rxb3 {[%clk
01:03:58]} {[%emt 00:03:45]} 25. Qxb3 {[%clk 00:38:19]} {[%emt 00:00:20]} e4
{[%clk 01:03:46]} {[%emt 00:00:21]} 26. fxe4 {[%clk 00:26:39]} {[%emt
00:11:51]} fxe4 {[%clk 01:02:12]} {[%emt 00:01:44]} 27. Bh6 {[%clk 00:25:43]}
{[%emt 00:01:05]} Rf7 {[%clk 00:58:21]} {[%emt 00:04:02]} 28. Qe3 {[%clk
00:24:47]} {[%emt 00:01:05]} Qe7 {[%clk 00:57:00]} {[%emt 00:01:31]} 29. Qg5
{[%clk 00:24:28]} {[%emt 00:00:30]} Rf6 {[%clk 00:50:37]} {[%emt 00:06:33]} 30.
Rf1 {[%clk 00:17:34]} {[%emt 00:07:03]} Rxf1+ {[%clk 00:45:58]} {[%emt
00:04:49]} 31. Kxf1 {[%clk 00:17:34]} {[%emt 00:00:03]} Qf7+ {[%clk 00:45:47]}
{[%emt 00:00:22]} 32. Ke2 {[%clk 00:17:34]} {[%emt 00:00:06]} Kh7 {[%clk
00:45:17]} {[%emt 00:00:40]} 33. Qd2 {[%clk 00:15:45]} {[%emt 00:01:59]} Qf6
{[%clk 00:43:39]} {[%emt 00:01:48]} 34. Be3 {[%clk 00:15:11]} {[%emt 00:00:44]}
Qe5 {[%clk 00:41:17]} {[%emt 00:02:32]} 35. Qc2 {[%clk 00:15:08]} {[%emt
00:00:14]} g5 {[%clk 00:38:30]} {[%emt 00:02:57]} 36. Qb1 {[%clk 00:12:26]}
{[%emt 00:02:51]} Kg6 {[%clk 00:35:53]} {[%emt 00:02:47]} 37. Qb6 {[%clk
00:12:26]} {[%emt 00:00:06]} Kf5 {[%clk 00:35:40]} {[%emt 00:00:23]} 38. Qxa6
{[%clk 00:10:43]} {[%emt 00:01:53]} Qb2+ {[%clk 00:35:24]} {[%emt 00:00:26]} 39.
Bd2 {[%clk 00:10:43]} {[%emt 00:00:05]} e3 {[%clk 00:30:33]} {[%emt 00:05:01]}
40. g4+ {[%clk 00:04:56]} {[%emt 00:05:56]} Ke4 {[%clk 00:30:11]} {[%emt
00:00:32]} 41. Qa5 {[%clk 00:04:56]} {[%emt 00:00:06]} Qxd2+ {[%clk 00:29:40]}
{[%emt 00:00:42]} 42. Qxd2 {[%clk 00:04:56]} {[%emt 00:00:04]} exd2 {[%clk
00:29:40]} {[%emt 00:00:04]} 43. gxh5 {[%clk 00:04:56]} {[%emt 00:00:06]} Kf5
{[%clk 00:17:37]} {[%emt 00:12:13]} 44. a4 {[%clk 00:04:53]} {[%emt 00:00:13]}
Bc7 {[%clk 00:17:37]} {[%emt 00:00:06]} 45. Kxd2 {[%clk 00:04:53]} {[%emt
00:00:10]} Kf6 {[%clk 00:17:37]} {[%emt 00:00:05]} 46. Ke3 {[%clk 00:04:53]}
{[%emt 00:00:08]} Kg7 {[%clk 00:17:37]} {[%emt 00:00:02]} 47. Kf3 {[%clk
00:04:30]} {[%emt 00:00:32]} Kh6 {[%clk 00:15:35]} {[%emt 00:02:12]} 48. Kg4
{[%clk 00:04:30]} {[%emt 00:00:04]} Bd8 {[%clk 00:14:55]} {[%emt 00:00:50]} 49.
d6 {[%clk 00:04:30]} {[%emt 00:00:08]} Kg7 {[%clk 00:13:29]} {[%emt 00:01:37]}
50. Kf5 {[%clk 00:01:57]} {[%emt 00:02:43]} Kh6 {[%clk 00:13:29]} {[%emt
00:00:05]} 51. Ke6 {[%clk 00:01:57]} {[%emt 00:00:02]} Kxh5 {[%clk 00:13:29]}
{[%emt 00:00:03]} 52. Kd7 {[%clk 00:01:57]} {[%emt 00:00:01]} Ba5 {[%clk
00:13:29]} {[%emt 00:00:03]} 53. Kc6 {[%clk 00:01:57]} {[%emt 00:00:01]} Kh4
{[%clk 00:12:42]} {[%emt 00:00:57]} 54. Kb5 {[%clk 00:01:57]} {[%emt 00:00:02]}
Bd8 {[%clk 00:12:35]} {[%emt 00:00:17]} 55. a5 {[%clk 00:01:57]} Kxh3 {[%clk
00:12:35]} {[%emt 00:00:04]} 56. a6 {[%clk 00:01:57]} {[%emt 00:00:01]} g4
{[%clk 00:12:35]} {[%emt 00:00:02]} 57. a7 {[%clk 00:01:57]} {[%emt 00:00:01]}
g3 {[%clk 00:12:35]} {[%emt 00:00:01]} 58. a8=Q {[%clk 00:01:57]} {[%emt
00:00:03]} g2 {[%clk 00:12:35]} {[%emt 00:00:03]} 59. Qxd8 {[%clk 00:01:57]}
{[%emt 00:00:07]} g1=Q {[%clk 00:12:35]} {[%emt 00:00:03]} 60. Qh8+ {[%clk
00:01:57]} {[%emt 00:00:02]} 1-0

[Event "2024 US National High School (K-12) Championship"]
[Site "Baltimore, Maryland, United States"]
[Date "2024.04.05"]
[Round "2.16"]
[White "Zlodorev, Alexander"]
[Black "Johnson, Donald"]
[Result "0-1"]
[TimeControl "G/90; d10"]
[BlackTitle "FM"]
[WhiteFideId "39933202"]
[BlackFideId "30949122"]
[WhiteElo "2098"]
[BlackElo "2287"]

1. f4 {[%clk 01:30:00]} {[%emt 00:00:09]} d5 {[%clk 01:27:36]} {[%emt
00:02:35]} 2. Nf3 {[%clk 01:29:54]} {[%emt 00:00:16]} g6 {[%clk 01:27:11]}
{[%emt 00:00:35]} 3. g3 {[%clk 01:29:54]} {[%emt 00:00:06]} Bg7 {[%clk
01:27:11]} 4. Bg2 {[%clk 01:29:54]} {[%emt 00:00:06]} c5 {[%clk 01:27:10]}
{[%emt 00:00:10]} 5. O-O {[%clk 01:29:54]} {[%emt 00:00:05]} Nf6 {[%clk
01:27:10]} {[%emt 00:00:02]} 6. d3 {[%clk 01:29:54]} {[%emt 00:00:05]} O-O
{[%clk 01:27:10]} {[%emt 00:00:07]} 7. Nc3 {[%clk 01:29:54]} {[%emt 00:00:02]}
d4 {[%clk 01:26:19]} {[%emt 00:01:01]} 8. Na4 {[%clk 01:29:54]} {[%emt
00:00:07]} Na6 {[%clk 01:25:47]} {[%emt 00:00:43]} 9. c4 {[%clk 01:29:54]}
{[%emt 00:00:05]} Rb8 {[%clk 01:25:20]} {[%emt 00:00:37]} 10. Bd2 {[%clk
01:29:24]} {[%emt 00:00:40]} Qd6 {[%clk 01:20:23]} {[%emt 00:05:06]} 11. Rb1
{[%clk 01:28:50]} {[%emt 00:00:45]} b6 {[%clk 01:16:17]} {[%emt 00:04:16]} 12.
a3 {[%clk 01:28:48]} {[%emt 00:00:12]} b5 {[%clk 01:15:27]} {[%emt 00:01:00]}
13. cxb5 {[%clk 01:28:48]} {[%emt 00:00:05]} Rxb5 {[%clk 01:15:27]} {[%emt
00:00:01]} 14. Ng5 {[%clk 01:21:35]} {[%emt 00:07:22]} h6 {[%clk 00:59:04]}
{[%emt 00:16:33]} 15. Ne4 {[%clk 01:21:12]} {[%emt 00:00:33]} Nxe4 {[%clk
00:58:59]} {[%emt 00:00:15]} 16. dxe4 {[%clk 01:18:57]} {[%emt 00:02:23]} c4
{[%clk 00:52:46]} {[%emt 00:06:25]} 17. e3 {[%clk 01:16:37]} {[%emt 00:02:30]}
Rb3 {[%clk 00:40:43]} {[%emt 00:12:11]} 18. exd4 {[%clk 01:13:19]} {[%emt
00:03:29]} Qxd4+ {[%clk 00:38:37]} {[%emt 00:02:16]} 19. Rf2 {[%clk 01:13:08]}
{[%emt 00:00:21]} Qd7 {[%clk 00:33:59]} {[%emt 00:04:47]} 20. Nc3 {[%clk
01:11:08]} {[%emt 00:02:11]} Bd4 {[%clk 00:33:18]} {[%emt 00:00:51]} 21. Be1
{[%clk 01:05:57]} {[%emt 00:05:20]} Nc5 {[%clk 00:30:29]} {[%emt 00:02:59]} 22.
Bf1 {[%clk 01:04:48]} {[%emt 00:01:19]} Rd8 {[%clk 00:25:50]} {[%emt 00:04:49]}
23. Bxc4 {[%clk 01:03:19]} {[%emt 00:01:39]} Rxc3 {[%clk 00:25:07]} {[%emt
00:00:54]} 24. bxc3 {[%clk 00:56:23]} {[%emt 00:07:06]} Bxf2+ {[%clk 00:25:02]}
{[%emt 00:00:15]} 25. Bxf2 {[%clk 00:56:23]} {[%emt 00:00:04]} Qxd1+ {[%clk
00:25:02]} {[%emt 00:00:06]} 26. Rxd1 {[%clk 00:56:23]} {[%emt 00:00:05]} Rxd1+
{[%clk 00:25:02]} {[%emt 00:00:06]} 27. Kg2 {[%clk 00:56:23]} {[%emt 00:00:06]}
Nxe4 {[%clk 00:25:02]} {[%emt 00:00:06]} 28. Bxa7 {[%clk 00:54:49]} {[%emt
00:01:44]} Bb7 {[%clk 00:24:07]} 0-1